Pays d'origine des joueurs de NBA - Statistiques

Statistiques générales
  • Ce quiz a été pris 49 842 fois
  • Le résultat moyen est 13 sur 20
Statistiques - réponses
# Pays % Correct
4137 États-Unis
99%
30 France
99%
46 Canada
96%
18 Espagne
94%
26 Allemagne
87%
10 Italie
78%
17 Brésil
77%
12 Royaume-Uni
74%
11 Russie
73%
15 Argentine
72%
24 Serbie
68%
25 Australie
67%
10 Grèce
62%
11 Slovénie
59%
18 Croatie
43%
10 Turquie
39%
13 Lituanie
36%
13 Nigeria
29%
12 Sénégal
25%
13 Bosnie-Herzégovine
22%
Aucun quiz correspondant
Distribution des résultats
% des personnes avec chaque résultat
Percentile par nombre de réponses
Votre historique - résultats
Vous n’avez pas pris ce quiz